Loading...
Basic counselling skills
| Main Author: | |
|---|---|
| Format: | Printed Book |
| Published: |
Sage
2005
|
| Subjects: |
| LEADER | 00550nam a22001691a 4500 | ||
|---|---|---|---|
| 020 | |a 9780761949619 |c 0.00 | ||
| 040 | |a SSUS - Library - Kalady | ||
| 082 | |a 158.3 |b NEL B | ||
| 100 | |a Nelson Jones Richard | ||
| 245 | |a Basic counselling skills |h [Text] | ||
| 260 | |b Sage |c 2005 | ||
| 300 | |a vii;206p. | ||
| 600 | |a Counselling | ||
| 852 | |h 158.3 |i NEL B |p 050601 |9 0.00 |t 0 | ||
| 942 | |c BK | ||
| 999 | |c 4197 |d 4197 | ||
| 952 | |0 0 |1 0 |4 0 |6 158_300000000000000_NEL_B |7 0 |9 6409 |a SSUS |b SSUS |d 2015-01-08 |g 0.00 |l 6 |o 158.3 NEL B |p 050601 |r 2020-01-23 |s 2020-01-14 |v 0.00 |w 2015-01-08 |y BK | ||